000 00608nam a2200241Ia 4500
003 OSt
005 20221007074537.0
006 a|||||r|||| 00| 0
007 ta
008 221006b |||||||| |||| 00| 0 eng d
024 _a39,606
037 _cTextual
040 _aFLL
_cFLL
_beng
041 _2eng
_aeng
082 _aZ2,35, Q1
100 _aMulla
_9683289
245 0 _aSale of goods act
250 _a8th
260 _aNagpur
_bLexisNexis Butterworths Wadhwa India
_c2001
300 _alxxviii,488p
_ccm.
942 _hZ2,35, Q1
_cTEXL
_2CC
999 _c1152765
_d1152765